[Event "Pan American-ch Seniors 50"]
[Site "Lima"]
[Date "2023.05.01"]
[Round "9"]
[White "Laura Saavedra, Miguel Nicanor"]
[Black "Serafim Junior, Arnor"]
[Result "1/2-1/2"]
[WhiteElo "1649"]
[BlackElo "1672"]
[PlyCount "91"]
[EventDate "2023.04.26"]
[EventType "swiss"]
[EventRounds "9"]
[EventCountry "PER"]
[SourceTitle "CBM 214 Extra"]
[Source "ChessBase"]
[SourceDate "2023.07.31"]
[SourceVersion "1"]
[SourceVersionDate "2023.07.31"]
[SourceQuality "1"]

1. e4 c5 2. c4 Nc6 3. Nc3 g6 4. f4 d6 5. d3 Bg7 6. Be3 e6 7. Nf3 Nd4 8. Bxd4 cxd4 9. Ne2 Qb6 10. Qd2 Ne7 11. Rc1 Nc6 12. g3 Bd7 13. Bg2 0-0 14. 0-0 Rac8 15. Kh1 Rfe8 16. Rb1 a5 17. Rfc1 e5 18. b3 Ra8 19. a3 Ra7 20. Rc2 Rea8 21. Rcc1 Nd8 22. Ng5 h6 23. Nf3 Ne6 24. Rf1 Nc5 25. Nc1 Qc7 26. a4 Ra6 27. Qc2 Rb6 28. Nd2 Na6 29. Qd1 Nb4 30. Ra1 Qc8 31. Nf3 Bg4 32. Rf2 Na6 33. Qd2 Qc5 34. h3 Bd7 35. Nh4 Qb4 36. f5 g5 37. Nf3 Qxd2 38. Nxd2 Nc5 39. g4 Raa6 40. Kh2 Rb4 41. Bf3 Kh7 42. Bd1 f6 43. Kg3 Be8 44. Rh2 Kg8 45. Rf2 Rab6 46. Ra3 1/2-1/2

[Event "Pan American-ch Seniors 50"]
[Site "Lima"]
[Date "2023.04.30"]
[Round "8"]
[White "Quijada Carvajal, Leonardo Gustavo"]
[Black "Laura Saavedra, Miguel Nicanor"]
[Result "1/2-1/2"]
[WhiteElo "2024"]
[BlackElo "1649"]
[PlyCount "56"]
[EventDate "2023.04.26"]
[EventType "swiss"]
[EventRounds "9"]
[EventCountry "PER"]
[SourceTitle "CBM 214 Extra"]
[Source "ChessBase"]
[SourceDate "2023.07.31"]
[SourceVersion "1"]
[SourceVersionDate "2023.07.31"]
[SourceQuality "1"]

1. e4 b6 2. c4 e5 3. Nf3 Nc6 4. Nc3 Bc5 5. Be2 Nf6 6. 0-0 0-0 7. Nxe5 Nxe5 8. d4 Bd6 9. dxe5 Bxe5 10. f4 Bxc3 11. bxc3 Nxe4 12. Qd5 Nxc3 13. Qxa8 Nxe2+ 14. Kh1 Qh4 15. Qf3 Nxc1 16. Raxc1 d6 17. Qc6 Qd8 18. Rfe1 Bd7 19. Qb7 a5 20. Re3 Re8 21. Rce1 Rxe3 22. Rxe3 g6 23. h3 Be6 24. Qc6 h5 25. a3 Kg7 26. Kh2 Qf6 27. Rf3 Qd8 28. Re3 Qf6 1/2-1/2

[Event "Pan American-ch Seniors 50"]
[Site "Lima"]
[Date "2023.04.29"]
[Round "6"]
[White "Serrato, Rafael Antonio"]
[Black "Laura Saavedra, Miguel Nicanor"]
[Result "0-1"]
[WhiteElo "1709"]
[BlackElo "1649"]
[PlyCount "68"]
[EventDate "2023.04.26"]
[EventType "swiss"]
[EventRounds "9"]
[EventCountry "PER"]
[SourceTitle "CBM 214 Extra"]
[Source "ChessBase"]
[SourceDate "2023.07.31"]
[SourceVersion "1"]
[SourceVersionDate "2023.07.31"]
[SourceQuality "1"]

1. d4 f5 2. Nf3 Nf6 3. Bg5 e6 4. Nbd2 Be7 5. e3 b6 6. Bd3 Bb7 7. 0-0 0-0 8. Qe2 d5 9. Ne5 Nbd7 10. f4 Nxe5 11. fxe5 Nd7 12. Bf4 g5 13. Bg3 g4 14. h3 h5 15. hxg4 hxg4 16. Rf4 Rf7 17. Rff1 Rg7 18. Bf4 Nf8 19. Rf2 Bh4 20. g3 Be7 21. Rh2 c5 22. c3 Ng6 23. Qf2 Nxf4 24. exf4 cxd4 25. cxd4 Rc8 26. Nb3 Qe8 27. Rh6 Rg6 28. Rh5 Qf7 29. Qh2 Qg7 30. Kf1 Bb4 31. Rc1 Rxc1+ 32. Nxc1 Bf8 33. Ne2 Rh6 34. Rg5 Rxh2 0-1

[Event "Pan American-ch Seniors 50"]
[Site "Lima"]
[Date "2023.04.28"]
[Round "5"]
[White "Laura Saavedra, Miguel Nicanor"]
[Black "Monroy Carrizo, Javier"]
[Result "1-0"]
[WhiteElo "1649"]
[BlackElo "1848"]
[PlyCount "55"]
[EventDate "2023.04.26"]
[EventType "swiss"]
[EventRounds "9"]
[EventCountry "PER"]
[SourceTitle "CBM 214 Extra"]
[Source "ChessBase"]
[SourceDate "2023.07.31"]
[SourceVersion "1"]
[SourceVersionDate "2023.07.31"]
[SourceQuality "1"]

1. e4 c5 2. Nc3 Nc6 3. f4 g6 4. Nf3 Bg7 5. Bc4 a6 6. a4 e6 7. 0-0 Qa5 8. e5 Nge7 9. Ne4 0-0 10. Ra3 Nf5 11. g4 d5 12. exd6 Nfd4 13. c3 f5 14. gxf5 gxf5 15. Neg5 h6 16. cxd4 hxg5 17. Nxg5 Rf6 18. d5 Nd4 19. dxe6 Bxe6 20. Nxe6 Nxe6 21. Re3 Re8 22. Qb3 Qd8 23. Bxe6+ Kf8 24. Qd5 Rg6+ 25. Kh1 Bd4 26. Bxf5 Rxd6 27. Rxe8+ Kxe8 28. Qg8+ 1-0